000 00669nam a2200205Ii 4500
003 JO-AjNU
008 230605s9999||||xx |||||||||||||| ||und||
040 _aJO-AjNU
_bara
_erda
_cJO-AjNU
041 _aara
050 1 4 _aDS36.8.J3236 1985
100 3 _aجدعان، فهمي,
_eauthor
_921132
245 0 0 _aنظرية الذات ودراسات عربية وإسلامية أخرى
250 _aط1
264 3 1 _aعمان: دار اشروق، 1985
300 _a262ص
336 _atext
_btxt
_2rdacontent
337 _aunmediated
_bn
_2rdamedia
338 _avolume
_bnc
_2rdacarrier
650 4 _aمفهوم الذات- فلسفة ، فلسفة- تاريخ
_921133
999 _aA7290
_c10858
_d10858